2011 European logistics and industrial market report (Record no. 112649)

MARC details
000 -LEADER
fixed length control field 01429cad a22002415a 4500
001 - CONTROL NUMBER
control field L153692
008 - FIXED-LENGTH DATA ELEMENTS--GENERAL INFORMATION
fixed length control field 110817s2011 xxk f 000 0 eng d
035 ## - SYSTEM CONTROL NUMBER
System control number (Sirsi) u153692
041 0# - LANGUAGE CODE
Language code of text/sound track or separate title eng
050 04 - LIBRARY OF CONGRESS CALL NUMBER
Classification number 333.33 $2 18
110 2# - MAIN ENTRY--CORPORATE NAME
Corporate name or jurisdiction name as entry element Knight Frank
9 (RLIN) 1530
245 00 - TITLE STATEMENT
Title 2011 European logistics and industrial market report
260 ## - PUBLICATION, DISTRIBUTION, ETC.
Date of publication, distribution, etc. 2011
490 #0 - SERIES STATEMENT
Series statement Knight Frank European Logistics and Industrial Market Report
Volume/sequential designation 2011
520 ## - SUMMARY, ETC.
Summary, etc. Prime logistics rents have stabilised in most European markets. Speculative development remains at a very low level across Europe with the lack of recent construction completions leading to a growing shortage of high quality in many locations. Investment volumes in the sector have increased since 2009 with investor interest focused mainly on prime assets in core European markets such as the UK and Germany. Provides a market overview, European logistics map, investment market data and occupier market snapshots.
590 ## - LOCAL NOTE (RLIN)
Local note KA NTK
650 24 - SUBJECT ADDED ENTRY--TOPICAL TERM
Topical term or geographic name entry element KNIGHT FRANK EUROPEAN LOGISTICS AND INDUSTRIAL MARKET REPORT
651 #4 - SUBJECT ADDED ENTRY--GEOGRAPHIC NAME
Geographic name Europe
690 ## - LOCAL SUBJECT ADDED ENTRY--TOPICAL TERM (OCLC, RLIN)
Topical term or geographic name as entry element PROPERTY-COMMERCIAL PROPERTY-COMMERCIAL PROPERTY FINANCE AND INVESTMENT
690 ## - LOCAL SUBJECT ADDED ENTRY--TOPICAL TERM (OCLC, RLIN)
Topical term or geographic name as entry element PROPERTY-COMMERCIAL PROPERTY-COMMERCIAL PROPERTY MARKET
856 40 - ELECTRONIC LOCATION AND ACCESS
Uniform Resource Identifier <a href="https://my.knightfrank.com/research/?regionid=6">https://my.knightfrank.com/research/?regionid=6</a>
Public note View the report free of charge (highlight Europe and Commercial links on left of screen) at www.knightfrank.com
942 ## - ADDED ENTRY ELEMENTS (KOHA)
Suppress in OPAC 0
Holdings
Withdrawn status Lost status Source of classification or shelving scheme Damaged status Not for loan Home library Current library Shelving location Date acquired Total Checkouts Full call number Barcode Date last seen Copy number Price effective from Koha item type
    Dewey Decimal Classification     Virtual Virtual Online 17/08/2011   ONLINE PUBLICATION 153692-2001 06/08/2019 1 06/08/2019 Book